000 00303 a2200145 4500
001 167932
020 _a
040 _cMagnum
100 _aMattoso, Jorge
240 1 0 _aO brasil desempregado
_lpor
245 1 0 _aO brasil desempregado
362 0 _a1899
697 _aPROBLEMAS SOCIAIS
942 _cBK
999 _c167932
_d167932